书目信息 |
| 题名: |
起重吊装安全技术
|
|
| 作者: | 余厚极 编著 | |
| 分册: | ||
| 出版信息: | 武汉 中国建材工业出版社 1998.11 |
|
| 页数: | 136页 | |
| 开本: | 32开 | |
| 丛书名: | ||
| 单 册: | ||
| 中图分类: | ||
| 科图分类: | ||
| 主题词: | 建筑工程--施工管理 | |
| 电子资源: | ||
| ISBN: | 7-80090-653-1 | |
| 000 | 00587nam0 2200205 45 | |
| 001 | 9912111634 | |
| 005 | 20001010101319.0 | |
| 010 | @a7-80090-653-1@d9.00元 | |
| 100 | @a19991211d1998 km y0chiy0120 ea | |
| 101 | @achi | |
| 105 | @a z 000yy | |
| 200 | 1 | @a起重吊装安全技术@AQi Zhong Diao Zhuang An Quan Ji Shu@f余厚极编著@FYu Hou Ji Bian Zhu |
| 210 | @a武汉@c中国建材工业出版社@d1998.11 | |
| 215 | @a136页@d32开 | |
| 606 | 0 | @a建筑工程@x施工管理 |
| 690 | @v3 | |
| 690 | @aTU714@v3 | |
| 701 | @a余厚极@4编著 | |
| 801 | @aCN@bPFTUser@c19991211 | |
| 905 | @dTU714@eY346@b174184-186@f3 | |
| 起重吊装安全技术/余厚极编著.-武汉:中国建材工业出版社,1998.11 |
| 136页;32开 |
| ISBN 7-80090-653-1:9.00元 |
| ● |
| 相关链接 |
|
|
|
正题名:起重吊装安全技术
索取号:TU714/Y346
 
预约/预借
| 序号 | 登录号 | 条形码 | 馆藏地/架位号 | 状态 | 备注 |
| 1 | 062449 | 200624495 | 自科二线404/ [索取号:TU714/Y346] | 在馆 | |
| 2 | 062450 | 200624501 | 自科二线404/404自科库 8排6列3层/ [索取号:TU714/Y346] | 在馆 | |
| 3 | 174184 | 201741847 | 建筑库201/201建筑库 26排2列3层/ [索取号:TU714/Y346] | 在馆 | |
| 4 | 174185 | 201741856 | 建筑库201/201建筑库 26排2列3层/ [索取号:TU714/Y346] | 在馆 | |
| 5 | 174186 | 201741865 | 自科二线404/404自科库 7排1列2层/ [索取号:TU714/Y346] | 在馆 | |
| 6 | 62452 | 200624529 | 自科二线404/404自科库 11排4列4层/ [索取号:TU714/Y346] | 在馆 |